Economics Today With CD (Record no. 311809)
[ view plain ]
| 000 -LEADER | |
|---|---|
| fixed length control field | 00463 a2200169 4500 |
| 001 - CONTROL NUMBER | |
| control field | 76736 |
| 020 ## - INTERNATIONAL STANDARD BOOK NUMBER | |
| International Standard Book Number | 9780201316896 |
| 082 ## - DEWEY DECIMAL CLASSIFICATION NUMBER | |
| Classification number | 330 MIL |
| Author Mark | CD |
| 090 ## - LOCALLY ASSIGNED LC-TYPE CALL NUMBER (OCLC); LOCAL CALL NUMBER (RLIN) | |
| -- | 39255 |
| -- | 39255 |
| 100 ## - MAIN ENTRY--PERSONAL NAME | |
| Personal name | Roger Leroy Miller |
| 245 ## - TITLE STATEMENT | |
| Title | Economics Today With CD |
| Statement of responsibility, etc. | Roger Leroy Miller |
| Remainder of title | 1999-2000 version for windows |
| 250 ## - EDITION STATEMENT | |
| Edition statement | 1999-2000 |
| 260 ## - PUBLICATION, DISTRIBUTION, ETC. | |
| Place of publication, distribution, etc. | New York |
| Name of publisher, distributor, etc. | Addison wesley |
| Date of publication, distribution, etc. | 2000 |
| 300 ## - PHYSICAL DESCRIPTION | |
| Extent | xxxiv 791 A-20 G-16 xviii p |
| Accompanying material | with CD |
| 500 ## - GENERAL NOTE | |
| General note | CD/DVD |
| 505 ## - FORMATTED CONTENTS NOTE | |
| Formatted contents note | CD/DVD |
| 942 ## - ADDED ENTRY ELEMENTS (KOHA) | |
| Institution code [OBSOLETE] | NUST-CAE |
| Call number prefix | 330 MIL |
| Withdrawn status | Lost status | Damaged status | Not for loan | Collection code | Permanent Location | Current Location | Date acquired | Total Checkouts | Full call number | Barcode | Date last seen | Price effective from | Koha item type |
|---|---|---|---|---|---|---|---|---|---|---|---|---|---|
| College of Aeronautical Engineering (CAE) | College of Aeronautical Engineering (CAE) | 04/03/2017 | 330 MIL | CAEN-1110 | 04/05/2017 | 04/05/2017 | Book |
